Visualizzazione normale
Vista MARC
- Massenet Jules
di Personal Name
Records bibliografici associati: 1
001 - CONTROL NUMBER
- control field: 5855
003 - CONTROL NUMBER IDENTIFIER
- control field: IT-RoPau
005 - DATE AND TIME OF LATEST TRANSACTION
- control field: 20131217213444.0
008 - FIXED-LENGTH DATA ELEMENTS
- fixed length control field: 131217|| aca||aabn | a|a d
040 ## - CATALOGING SOURCE
- Original cataloging agency: IT-RoPau
- Transcribing agency: IT-RoPau
100 ## - HEADING--PERSONAL NAME
- Personal name: Massenet Jules
- Dates associated with a name: Codice autore musica SPICS: 4044
- Relator term: Autore musica
- Name of part/section of a work: Meditazioni dall'opera Thais
670 ## - SOURCE DATA FOUND
- Source citation: Work cat.: (IT-RoPau)99858: AA.VV. 794, Antologia classico-leggera vol.4 (Lp Fontana 6736 003)